Sports Quiz

Random Sports or State Quiz
Score 0/49 Timer 10:00
0 Plays Today
Hint Answer % Correct
New Orleans SaintsMichael Thomas
82.3%
San Francisco 49ersNick Bosa
82%
Las Angeles ChargersJoey Bosa
81.7%
Washington RedskinsDwayne Haskins
79.4%
Dallas CowboysEzekiel Elliott
76.3%
New Orleans SaintsMarshon Lattimore
73%
Houston TexansCarlos Hyde
70.4%
Washington RedskinsTerry McLaurin
68.5%
Cleveland BrownDenzel Ward
66.5%
Philadelphia EaglesMalcolm Jenkins
63.1%
Indianapolis ColtsMalik Hooker
56.6%
Carolina PanthersCurtis Samuel
55.5%
New Orleans SaintsEli Apple
55.5%
New Orleans SaintsTed Ginn
55.2%
Dallas CowboysDevin Smith
54.1%
New York GiantsRod Smith
53.8%
Denver BroncosDre'Mont Jones
53.2%
Seattle SeahawksJamarco Jones
52.7%
Indianapolis ColtsParris Campbell
49.6%
Cincinnati BengalsBilly Price
45.6%
New Orleans SaintsVonn Bell
43.9%
Pittsburgh SteelersCameron Heyward
42.8%
Miami DolphinsJerome Baker
41.4%
Dallas CowboysNoah Brown
40%
Detroit LionsTaylor Decker
38%
Hint Answer % Correct
Miami DolphinsRaekwon McMillan
36.3%
Houston TexansBradley Roby
36.1%
Cincinnati BengalsSam Hubbard
33.8%
Denver Broncos Jeff Heuerman
30.7%
Minnesota VikingsPat Elflein
29.3%
Houston TexansGareon Conley
27.9%
Philadelphia EaglesCameron Johnston
27.3%
Green Bay PackersCorey Linsley
27%
Jacksonville JaguarsAndrew Norwell
25.9%
Pittsburgh SteelersNick Vannett
24.5%
Kansas City ChiefsDarron Lee
24.5%
Cincinnati BengalsMichael Jordan
20.6%
Atlanta FalconsKendall Sheffield
17.7%
Kansas City CheifsMike Weber
17.5%
Las Vegas RaidersJonathan Hankins
16.9%
New England PatriotsJohn Simon
16.1%
Indianapolis ColtsTyquan Lewis
16.1%
New England PatriotsNate Ebner
14.9%
Miami DolphinsIsaiah Prince
11.3%
Buffalo BillsKurt Coleman
7.3%
Atlanta Falcons Michael Bennett
5.9%
Seattle SeahawksDemetrius Knox
2.8%
Arizona CardinalsDante Booker
2%
Los Angeles ChargersJake McQuaide
1.1%
Remove Ads.
Support Sporcle.
Get the best of Sporcle when you Go Orange. This ad-free experience offers more features, more stats, and more fun while also helping to support Sporcle. Thank you for becoming a member.

You're not logged in!

Compare scores with friends on all Sporcle quizzes.
OR
Log In

Sporcle TV

Today on Sporcle TV


Watch our educational content, quiz creation guides, and fun videos on Sporcle TV.

Show Comments

Extras

Top Quizzes Today


Score Distribution

Paid Content

Your Account Isn't Verified!

In order to create a playlist on Sporcle, you need to verify the email address you used during registration. Go to your Sporcle Settings to finish the process.

Report this User

Report this user for behavior that violates our Community Guidelines.

Details: